000 00276nam a22001337a 4500
008 170323b xxu||||| |||| 00| 0 eng d
020 _a0397512295
041 _aeng
080 _23RD
_a616.9
100 _a7
101 _aSHM
245 _aAIDS
_cDEVITA, V.T
942 _2udc
_cBK
999 _c8458
_d8458